[Event "ISR-ch"]
[Site "Ramat Aviv/Modiin"]
[Date "2000.12.19"]
[Round "3"]
[White "Sutovsky, Emil"]
[Black "Psakhis, Lev"]
[Result "1/2-1/2"]
[WhiteElo "2609"]
[BlackElo "2611"]
[Annotator "Psakhis,L"]
[PlyCount "88"]
[EventDate "2000.12.17"]
[EventType "tourn"]
[EventRounds "11"]
[EventCountry "ISR"]
[EventCategory "11"]
[SourceTitle "CBM 081"]
[Source "ChessBase"]
[SourceDate "2001.03.20"]
[SourceVersion "1"]
[SourceVersionDate "2001.03.20"]
[SourceQuality "1"]

1. e4 e6 2. d4 d5 3. Nd2 c5 4. Ngf3 Nc6 5. exd5 exd5 6. Bb5 Bd6 7. O-O (7. dxc5
$5 Bxc5 8. O-O Nge7 9. Nb3) 7... cxd4 8. Re1+ Nge7 9. Nxd4 O-O 10. N2b3 Qc7 {
Black is very close already to equaliation according to theory.} 11. h3 ({
Worth of consideration is} 11. g3 $5 {[%cal Gb5f1,Gf1g2] with the idea to
bring the bishop to g2} Ne5 12. Bf1 a6 13. Bg2 Bg4 14. f3 Bd7 15. c3 Rfe8 16.
Qc2 Nc4 17. Bg5 h6 18. Bxe7 Bxe7 19. f4 Bf6 20. Qf2 Qd6 21. Rad1 Rxe1+ 22. Rxe1
a5 23. Nc1 b5 $11 {1-0 Zapata,A-Adgestein,S/Thessaloniki ol 1984 (40)}) 11...
Ne5 $146 {[%cal Ge5c4]} (11... a6 12. Bf1 Ng6 13. c3 Nce5 14. Nf3 Be6 15. Nbd4
Rae8 16. Nxe5 Nxe5 17. Bf4 Nf3+ 18. Qxf3 Bxf4 19. Rad1 Bd6 20. Qd3 Bc5 {
1/2-1/2 Chukharev,S-Nefedjev,A/RUS-sf Pskov 1998 (31)}) 12. Bd3 Bd7 ({in the
case of} 12... Nxd3 13. Qxd3 {white's advantage is not big but quite stable.})
13. Bf4 N7g6 14. Bxg6 {An unexpectable move. Emil doesn't believe to power of
two bishops and trying to organize preasure on d5 pawn.} hxg6 15. Bxe5 Bxe5 16.
Qf3 Qd6 17. Rad1 Rfe8 18. c3 Bc6 {Black's weaknesses on d5 is well covered,
and it is not easy for white to strengthen his position further.} 19. Qd3 Bf6
20. Nb5 Rxe1+ (20... Qf4 21. Rxe8+ Rxe8 22. Nxa7) 21. Rxe1 Qf4 22. N5d4 Re8 23.
Rxe8+ Bxe8 $11 24. Qe2 Kf8 25. g3 Qd6 26. h4 Bd8 $1 {[%cal Gd8b6]} 27. Nf3 Bb6
28. Nbd4 Qe7 29. Qd3 (29. Qxe7+ Kxe7 $11) 29... f6 30. Kf1 Kf7 31. h5 gxh5 32.
Qh7 Qe4 33. Qxh5+ Kg8 ({Possibly} 33... Ke7 34. Qh8 g5 $15 {was stronger, but
I had problems with the time and tried to play very safely}) 34. Qh3 Bb5+ $1 {
Finally Black grab the initiative, but fortunately for White he managed to
hold position with accurate play.} 35. Nxb5 Qxf3 36. Nd4 (36. Qe6+ Kh7 37. Qe1
{[%csl Re1]}) 36... Bxd4 37. Qc8+ Kh7 38. cxd4 Qh1+ 39. Ke2 Qe4+ 40. Kf1 b6 (
40... Qxd4 41. Qxb7 Qc4+ 42. Kg2 Qxa2 43. Qd7 $11) 41. Qc3 Qb1+ 42. Kg2 Qxa2
43. Qc2+ Kg8 44. Qc8+ Kh7 1/2-1/2

[Event "FRA-ch Prelim Gr-A"]
[Site "Besancon"]
[Date "1999.08.22"]
[Round "7"]
[White "Marciano, David"]
[Black "Apicella, Manuel"]
[Result "1-0"]
[WhiteElo "2529"]
[BlackElo "2501"]
[Annotator "Psakhis,L"]
[PlyCount "99"]
[EventDate "1999.08.16"]
[EventType "tourn"]
[EventRounds "7"]
[EventCountry "FRA"]
[EventCategory "11"]
[SourceTitle "CBM 073"]
[Source "ChessBase"]
[SourceDate "1999.12.01"]
[SourceVersion "1"]
[SourceVersionDate "1999.12.01"]
[SourceQuality "1"]

1. e4 c5 2. Nf3 Nc6 3. c3 e6 4. d4 d5 5. exd5 exd5 6. Bb5 Bd6 7. dxc5 Bxc5 8.
O-O Nge7 9. Nbd2 O-O 10. Nb3 Bb6 11. Re1 Bg4 ({I would prefer} 11... Nf5 $5 {
with the idea to prevent very unpleasand for black 12.Be3 , and after for
example} 12. Bd3 h6 13. Bc2 Qd6 14. Bxf5 (14. Qd3 Rd8) 14... Bxf5 15. Be3 Bg4
16. Bxb6 axb6 17. h3 Bh5 18. Qd3 Bxf3 19. Qxf3 Rfd8 20. Qe3 d4 $1 $11 {1/2-1/2
Tiviakov,S-Lautier,J/Groningen 1995 (29) Black equalized game}) 12. Be3 Bxe3 (
12... Re8 13. h3 Bh5 14. a4 $1 Bc7 15. Bc5 a6 16. Bxc6 Nxc6 17. Rxe8+ Qxe8 18.
Qxd5 Bxf3 19. Qxf3 Rd8 20. Be3 $16 {1-0 Smagin,S-Cvitan,O/Biel (open) 1995/ 
(25)}) 13. Rxe3 Nf5 ({After} 13... Qd6 14. h3 Bh5 15. Be2 Rad8 16. Nfd4 Nxd4
17. Nxd4 Bxe2 18. Qxe2 Nc6 19. Rd1 Nxd4 20. Rxd4 Qc6 21. Qd2 $14 {[%csl Rd5]
Kharlov-Vilanvicencio, Linares 1997 advantage of white is obvious.}) 14. Re1
Nh4 ({In the case of} 14... Qb6 15. Qxd5 Nce7 {white exchaned queens and
forced black to fight for a draw-} 16. Qc5 $1 Qxc5 17. Nxc5 Bxf3 18. gxf3 b6
19. Nb3 Ng6 20. Bc6 Rad8 21. Rad1 Nfh4 22. Rxd8 Rxd8 23. Nd4 $16 {Marciano,
D-Vaisser,A/Bastia op 1998/1/2-1/2 (40)}) 15. Be2 Ng6 $146 ({After} 15... Re8
16. Nxh4 Qxh4 17. f3 (17. Bxg4 Rxe1+ 18. Qxe1 Qxg4 19. Rd1 Qa4 $11) 17... Be6
18. Bb5 Qd8 19. Bxc6 Qb6+ 20. Qd4 bxc6 21. Qf2 Rab8 22. Re2 Bf5 23. Rae1 Rxe2
24. Rxe2 $14 {1-0 Smagin,S-Ortega,L/Amantea 1994/ (37) white keeps maybe not
great but clear advantage.}) 16. h3 (16. Qd2 $14) 16... Bxf3 (16... Be6 17. Qd2
$14) 17. Bxf3 Nf4 18. Qd2 Qf6 {[%cal Rf4h3]} (18... Qg5 19. Kh2 {[%cal Rg2g3]})
19. Qe3 $5 {[%csl Rd5][%cal Ge3e8,Ga1d1]} Rad8 20. Rad1 Rd6 (20... Rd7 $142 $5
{[%cal Gd7e7]}) 21. Nd4 Nxd4 22. Qxd4 $1 {Temporary pawn sacrifise garantees
to white clear advantage in the ending, much weaker} (22. cxd4 Re6 23. Qb3 Rb6
$11 {and black equalized chances}) 22... Nxh3+ 23. Kf1 Nf4 ({Maybe bigger
resistance Black could organized after} 23... Qxd4 $5 24. Rxd4 Ng5 25. Bxd5 {
[%csl Rd5][%cal Ge1e7]} (25. Rxd5 $6 Nxf3 26. Rxd6 Nxe1 27. Kxe1 Re8+ 28. Kd2
Kf8 $1 $11) 25... Ne6 26. Bxe6 Rxe6 27. Rd7 {but any case white advantage is
obvious}) 24. Qxf6 Rxf6 25. g3 Nh3 (25... Ne6 26. Bxd5 b6 27. Bg2 $16 {[%csl
Rf6][%cal Gd1d7]}) 26. Kg2 h6 27. Rd2 ({Deserves attention} 27. Re7 $5 {
[%csl Ra7,Rb7]}) 27... Rd8 28. Re7 b5 29. Rxa7 Ng5 30. Rxd5 Re8 31. Rd3 $18 {
Material and positional advantage garantee to White easy victory and rest of
the game doesn,t need any comments.} Re5 32. Bd1 Re1 33. Rad7 g6 34. R7d6 Kg7
35. Rxf6 Kxf6 36. Rd5 h5 37. Bf3 Ra1 38. a3 Ne6 39. Rxb5 Rc1 40. a4 h4 41. Bg4
Ng5 42. gxh4 Ne4 43. Bf3 Nd6 44. Rb4 Ke5 45. h5 gxh5 46. Bxh5 f5 47. f4+ Kd5
48. Bf3+ Kc5 49. Rd4 Rc2+ 50. Kg3 1-0

[Event "Bundesliga 0203"]
[Site "Germany"]
[Date "2002.12.13"]
[Round "7.4"]
[White "Kindermann, Stefan"]
[Black "Casper, Thomas"]
[Result "1-0"]
[WhiteElo "2519"]
[BlackElo "2393"]
[Annotator "Psakhis,L"]
[PlyCount "87"]
[EventDate "2002.10.19"]
[EventType "team-tourn"]
[EventRounds "15"]
[EventCountry "GER"]
[SourceTitle "CBM 093"]
[Source "ChessBase"]
[SourceDate "2003.04.01"]
[SourceVersion "1"]
[SourceVersionDate "2003.04.01"]
[SourceQuality "1"]
[WhiteTeam "Plauen"]
[BlackTeam "Erfurt"]
[WhiteTeamCountry "GER"]
[BlackTeamCountry "GER"]

1. e4 e6 2. d4 d5 3. Nd2 c5 4. exd5 exd5 5. Ngf3 Nc6 6. Bb5 Bd6 7. O-O Nge7 8.
dxc5 Bxc5 9. Nb3 Bb6 ({I have strong feeling that} 9... Bd6 {is clearly
stronger than text}) 10. Re1 O-O 11. Be3 {White will get small, but clear
advantage after exhange of dark-squared bishops} Bf5 (11... Bg4 12. h3 $5 Bxf3
(12... Bh5 13. Bxb6 Qxb6 14. Bxc6 $1) 13. Qxf3 Ne5 14. Qh5 $36) 12. c3 Be4 13.
Nfd4 ({White failed to get any advantage after} 13. Bxb6 Qxb6 14. Bxc6 Nxc6 (
14... bxc6 $5 15. Ng5 f5) 15. Nfd4 a5 16. Nxc6 bxc6 17. Qd4 Qb5 $5 $11 (17...
Rfb8 18. Re2 Qxd4 19. cxd4 Bd3 20. Rd2 Bc4 21. Nc5 $14 {Brodsky,M-Itkis,B/
Bucharest CIO 1995/1-0 (64)})) 13... h6 $146 (13... Re8 14. f3 Bf5 15. Bf2 $14)
14. Qh5 $5 $14 Qd6 15. a4 (15. Rad1 $5) 15... Nxd4 (15... a6 16. Nxc6 bxc6 17.
Bxb6 axb5 18. Bc5 $16) 16. Bxd4 (16. Nxd4 $5 Nc6 17. Nf5 $14) 16... a6 17. Bf1
Rfe8 (17... Bxd4 18. Nxd4 Nc6 19. Rad1 $14) 18. Re3 (18. a5 Bxd4 19. Nxd4 Nc6
20. Qd1 $14) 18... Bxd4 (18... Bc7 $5) 19. Nxd4 {The logical follow-up to the
exchange of the dark-squared bishops: occupation of important square d4.} Nc6
20. Qd1 Bg6 (20... Qf6 $142 {and Black is very close to equalization}) 21. Qd2
({Worth considering} 21. Rxe8+ Rxe8 22. a5 $5 {fixing black's pawns on the Q
side}) 21... Rxe3 (21... Re4 $142 $5) 22. Qxe3 Nxd4 23. Qxd4 $14 {[%csl Rd5]}
Re8 24. g3 {[%csl Rd5] This is a very typical position, which is still hard to
assess precisely. Maybe with correct play Black can hold it, but the defence
is not easy} Re4 25. Qd2 Qe6 26. f3 $6 {[%mdl 16384] White just looks for
troubles! After simple} (26. a5 $1 $14 {Black would be inforced to passive
defense.}) 26... Qb6+ $2 {Casper doesn't believes to his happiness! After} (
26... Re3 $142 $1 27. Kf2 $140 Qb6 $1 $36 {he could take initiative into his
hands}) 27. Qf2 Re6 28. Qxb6 Rxb6 29. b4 d4 $2 {The text move is artificial
and throws Black into serious trouble. After correct} (29... Rc6 30. Ra3 $14 {
Black would have good defensive chances}) 30. a5 $1 Rd6 (30... Rf6 31. cxd4
Rxf3 32. Bg2 {[%csl Ra6,Rb7]}) 31. Rd1 $1 d3 32. Kf2 {[%csl Rd3]} Rc6 (32...
Kf8 33. Ke3 Re6+ 34. Kd2 Rf6 35. f4 Rd6 36. Re1 $18) 33. Bxd3 Rxc3 34. Bxg6
fxg6 35. Rd7 $18 Rb3 36. Rxb7 g5 37. g4 Kh7 38. Rb6 Kg8 39. Ke2 {[%cal Ge2c2]}
Kh7 40. Kd2 Rxf3 41. Rxa6 Rf4 42. Kc3 Rxg4 43. Rd6 Rg2 44. Rd2 1-0

[Event "Chigorin Memorial 07th"]
[Site "St Petersburg"]
[Date "1999.11.04"]
[Round "3"]
[White "Dvoirys, Semen I"]
[Black "Yandemirov, Valeri"]
[Result "1/2-1/2"]
[WhiteElo "2590"]
[BlackElo "2481"]
[Annotator "Psakhis,L"]
[PlyCount "85"]
[EventDate "1999.11.02"]
[EventType "swiss"]
[EventRounds "9"]
[EventCountry "RUS"]
[SourceTitle "CBM 074"]
[Source "ChessBase"]
[SourceDate "2000.02.01"]
[SourceVersion "1"]
[SourceVersionDate "2000.02.01"]
[SourceQuality "1"]

1. e4 e6 2. d4 d5 3. Nd2 c5 4. exd5 exd5 5. Ngf3 Nc6 6. Bb5 Bd6 7. dxc5 Bxc5 8.
O-O Nge7 9. c4 O-O 10. Nb3 Bd6 11. c5 Bc7 12. Nbd4 $146 (12. Bg5 f6 (12... Bg4
13. Re1 f6 14. Bh4 Be5 15. Rb1 Nf5 16. Bg3 Re8 17. Qd2 Bxf3 18. gxf3 Nfd4 19.
Nxd4 Nxd4 20. Qd3 Nxb5 21. Qxb5 Bxg3 22. hxg3 Re7 {1/2-1/2 Glek,I-Lputian,S/
Wijk aan Zee-B 1999 (34)}) 13. Bh4 Bg4 14. Bg3 Be5 15. Rb1 a5 16. Be2 Bf5 17.
Bd3 a4 18. Nc1 Bg4 19. Be2 Re8 20. Nd3 Nf5 21. Re1 Nxg3 22. hxg3 Bf5 $13 {
Kobalija,M-Lputian,S/Elista (ol) 74/297 1998/ /1/2-1/2 (39)}) 12... Bg4 13. Be2
Qd7 14. Be3 Rad8 15. Re1 Rfe8 16. Qb3 Ng6 $11 {[%cal Ge8e4]} 17. Bf1 Re4 (17...
Ba5 $5) 18. g3 Nge5 19. Bg2 Nxf3+ 20. Nxf3 Rb4 21. Qa3 (21. Qc2 Rc4) 21... Bxf3
$5 22. Bxf3 Be5 (22... Qf5 $5) 23. Rab1 Qf5 24. Bg2 Qf6 (24... Rb5 $5 {[%cal
Gd5d4,Gb5a5]} 25. b4 $140 $6 a5) 25. Qd3 (25. Re2 Bd4) 25... Rxb2 26. Rxb2 Bxb2
27. Rb1 h6 (27... Rd7 28. Bh3) 28. Bxd5 Bd4 $1 29. Qe4 Bxe3 30. fxe3 Qg5 31.
Rd1 Kf8 $1 32. Qf3 Ne5 33. Qf4 Qe7 (33... Qh5 $5 34. Qd4 $8 (34. Rd2 Rxd5 35.
Rxd5 Nf3+ 36. Kf2 Qxd5 37. Qxf3 Qxa2+ $19) 34... Ng4 35. Rd2 (35. h4 Nxe3 $1)
35... Qg5 $5 (35... Nxe3 36. c6 $1 Nxd5 37. cxb7 Kg8 $1 38. Qe4 $1 $36) 36. e4
Ne5 $13) 34. Rd4 f6 $2 (34... Rc8 $1 35. Bxb7 $1 Qxb7 36. Qxe5 Qb1+ 37. Kg2
Qxa2+ 38. Kh3 Qe6+ 39. Qxe6 fxe6 40. Rc4 $11) 35. Bxb7 $1 Rxd4 36. exd4 Qxb7
37. dxe5 Qb1+ {[%mdl 4096]} 38. Qf1 Qc2 (38... Qxf1+ 39. Kxf1 fxe5 40. Ke2 Ke7
41. Kd3 $16) 39. Qf2 $2 (39. exf6 Qxc5+ 40. Qf2 Qxf2+ 41. Kxf2 gxf6 42. g4 $1
$16) 39... Qd1+ 40. Kg2 Qd5+ 41. Kg1 Qd1+ 42. Kg2 Qd5+ 43. Kg1 1/2-1/2

[Event "North Sea Cup 15th"]
[Site "Esbjerg"]
[Date "2000.07.09"]
[Round "3"]
[White "Emms, John M"]
[Black "Hansen, Lars Bo"]
[Result "1-0"]
[WhiteElo "2527"]
[BlackElo "2562"]
[Annotator "Psakhis,L"]
[PlyCount "71"]
[EventDate "2000.07.07"]
[EventType "tourn"]
[EventRounds "9"]
[EventCountry "DEN"]
[EventCategory "14"]
[SourceTitle "CBM 078"]
[Source "ChessBase"]
[SourceDate "2000.10.18"]
[SourceVersion "1"]
[SourceVersionDate "2000.10.18"]
[SourceQuality "1"]

1. e4 e6 2. d4 d5 3. Nd2 c5 4. exd5 exd5 5. Ngf3 Nc6 6. Bb5 Bd6 7. dxc5 Bxc5 8.
O-O Nge7 9. Nb3 Bd6 10. Re1 O-O 11. Bg5 Bg4 12. Bh4 $5 {[%cal Gh4g3] Good old
plan- White will keep small but stable advantage after exchange of
black-coloured bishops.} (12. Be2 Re8 13. c3 h6 14. Bh4 Qb6 15. Nfd4 Bxe2 16.
Rxe2 Nxd4 17. Nxd4 Nc6 $11 18. Nf5 Bf8 19. Nxh6+ $5 gxh6 20. Rxe8 Rxe8 21. Qg4+
Kh7 22. Qf5+ Kg8 23. Qg4+ {1/2-1/2 Rodriguez,A-Psakhis,L/Capablanca-mem 1983 
(23)}) 12... Re8 13. Bg3 Bxg3 (13... a6 $5 14. Bd3 h6 15. c3 Qd7 16. Re3 Rad8
17. Qe2 d4 18. cxd4 Nd5 19. Rxe8+ Rxe8 20. Qd1 Bb4 21. Qf1 Bxf3 22. gxf3 h5
$132 {0-1 Kruppa,Y-Lputian,S/Irkutsk 1986 (53)}) 14. hxg3 Qb6 15. a4 {Best
move according to theory, after} (15. Bd3 a5 $1 {Black easily equalize chances,
for example} 16. Bxh7+ Kf8 17. Qd2 Bxf3 18. gxf3 a4 19. Nc1 Nd4 20. Kg2 Qf6 $36
{1/2-1/2 Georgiev,K-Vaganian,R/RUS-Cup Elista 1998 (55)}) 15... h6 (15... Rad8
16. Qd3 Bf5 17. Qd2 a6 18. Bxc6 Nxc6 19. Nfd4 Bg6 20. a5 Qb4 21. c3 Qc4 22. Qf4
Nxd4 23. Nxd4 Re4 24. Qd2 h6 25. f3 Rxe1+ 26. Rxe1 Qa2 27. Re7 Qxa5 28. Rxb7
Qa1+ 29. Kf2 Re8 30. Nc6 {Vorobiov,E-Akobian,V/Moscow Pripis mem 2000/CA/1-0 
(78)}) (15... h5 16. Qd3 Bf5 17. Qd2 Be4 18. Nfd4 Nxd4 19. Qxd4 Nc6 20. Qxb6
axb6 21. Re2 Kf8 22. Rd1 Bf5 23. Red2 $14 {1-0 Ivanchuk,V-Vaganian,R/Novgorod
1995 (69)}) 16. Qd2 Bxf3 17. gxf3 Red8 $146 {[%csl Gb5,Ge1] This new move
doesn't changed estimation of position as better for White.} (17... Rad8 18. f4
a6 19. Bf1 Rd6 20. a5 Qc7 21. Nc5 h5 22. Ra3 $14 {Ivanchuk,V-Jussupow,A/
Bruxelles m 1991/Inf 52/[Ivanchuk,V]/1/2-1/2 (50)}) 18. Bd3 Qc7 19. Kg2 Qd6 20.
Re2 Kf8 21. Rae1 $14 {[%csl Ge1,Ge2]} Ng8 ({After} 21... Re8 22. Qe3 $1 {
[%cal Ge3e8] produced many problems for Black}) 22. Bb5 Nce7 ({Unfortunartely 
( for Black!)} 22... Re8 {lose after} 23. Rxe8+ Rxe8 24. Rxe8+ Kxe8 25. Qd4 $1
{[%cal Rd4g7,Rd4a7]}) 23. Nd4 a6 24. Bd3 Re8 25. Qc3 Rac8 $2 ({After correct} 
25... Rad8 $1 {White must work hard to convert positional advantage to
something more real}) 26. Nf5 $1 {[%mdl 64] Nice small combination a la
Capablanca} Nxf5 (26... Rxc3 27. Nxd6 $18 {lose as well}) 27. Bxf5 $1 d4 {
What else?} (27... Rcd8 28. Rxe8+ Rxe8 29. Rxe8+ Kxe8 30. Qxg7 Nf6 31. Qxh6 $18
) 28. Rxe8+ (28. Qxc8 $143 Rxc8 29. Bxc8 Nf6 30. Bxb7 $16) 28... Rxe8 29. Rxe8+
Kxe8 30. Qc8+ Qd8 31. Qxb7 $18 {[%csl Ra6,Rd4,Re8]} Ne7 32. Bd3 a5 33. b4 $1 g5
(33... axb4 34. a5 Qxa5 $140 35. Bb5+) 34. Qb5+ Kf8 35. bxa5 Nd5 36. a6 1-0

[Event "ARM-ch"]
[Site "Yerevan"]
[Date "1999.10.18"]
[Round "3"]
[White "Yegiazarian, Arsen"]
[Black "Akobian, Varuzhan"]
[Result "1-0"]
[WhiteElo "2504"]
[BlackElo "2387"]
[Annotator "Psakhis,L"]
[PlyCount "47"]
[EventDate "1999.10.16"]
[EventType "tourn"]
[EventRounds "11"]
[EventCountry "ARM"]
[EventCategory "10"]
[SourceTitle "CBM 074"]
[Source "ChessBase"]
[SourceDate "2000.02.01"]
[SourceVersion "1"]
[SourceVersionDate "2000.02.01"]
[SourceQuality "1"]

1. e4 e6 2. d4 d5 3. Nd2 c5 4. Ngf3 Nc6 5. exd5 exd5 6. Bb5 Bd6 7. O-O Nge7 (
7... cxd4 $5 8. Nb3 Nge7 {Was the easiest way to equalization.}) 8. c4 O-O 9.
dxc5 Bxc5 10. Nb3 Bd6 11. cxd5 {According to theory, this rare move doesn,t
promise advantage to white, but , maybe, it is better, than it,s reputation.} (
11. c5 $5 Bc7 12. Bg5 Bg4 13. Re1 f6 14. Bh4 Be5 15. Rb1 Nf5 16. Bg3 Re8 17.
Qd2 Bxf3 18. gxf3 Nfd4 {1/2-1/2 Glek,I-Lputian,S/Wijk aan Zee-B 1999/CBM 69/ 
(34)}) 11... Nb4 12. Bg5 Nbxd5 13. Re1 $5 {Black position doesn,t look too
dangerous, but white,s pieces are very active, and Black must work hard for
equalization.} (13. Qd4 Nf5 14. Qd3 Be7 15. Bxe7 Ndxe7 16. Rac1 Qb6 17. Bc4 Nd6
18. Rfe1 Bf5 19. Qd4 Rfe8 20. Bf1 Rad8 21. Rcd1 Be6 $11 {1-0 Kuzmin,G-Portisch,
F/Budapest 1978 (45)}) 13... Bf5 $146 (13... Nc7 14. Bc4 Ne6 15. Bh4 Qb6 16.
Bg3 Bxg3 17. hxg3 Nf5 18. Ne5 Nd6 19. Bd3 g6 20. Qd2 $14 {Petrik,S-Jablonicky,
F/Trnava 1980/1-0 (38)}) (13... f6 14. Bh4 Kh8 15. Nfd4 Nf5 16. Nxf5 Bxf5 17.
Nd4 Bc8 18. Ne6 Bxe6 19. Rxe6 Bc5 20. Bg3 Nc7 21. Qxd8 Raxd8 22. Bxc7 {1-0
Richter,R-Raessler,A/corr 1989 (22)}) 14. Nbd4 Bg6 15. Bc4 Nb6 16. Bb3 {
[%csl Gb3,Gd4,Rd8,Gg5]} Qd7 $6 {Serious mistake allows to white increase
preasure} (16... Bb4 $142 $5 17. Re2 (17. Bxe7 $5 Bxe7 18. Ne5) 17... Bh5 $14)
17. Bxe7 $1 Bxe7 18. Ne5 {[%csl Ge5]} Qd6 (18... Qc7 19. Rc1 Bc5 (19... Qd6 20.
Ndc6 $1 bxc6 21. Nxc6 $18) 20. Nb5 Qc8 21. Qf3 $18) 19. Ne6 $1 (19. Qf3 Bf6 20.
Nf5 Bxf5 21. Qxf5 $36) 19... Rfe8 (19... Qxd1 20. Raxd1 Bh5 $5 21. g4 (21. Nxf8
Bxd1 22. Rxd1 Rxf8 $14 23. Nxf7 $140 Rxf7 24. Rc1 Bd6 $1) 21... fxe6 22. gxh5
$16) (19... fxe6 20. Nxg6 hxg6 21. Rxe6 $1 Qxd1+ 22. Rxd1 $18) 20. Nf4 {
[%csl Rf7]} Qxd1 $8 21. Raxd1 Kf8 (21... Rf8 22. Nexg6 $18) 22. Nfxg6+ fxg6 (
22... hxg6 23. Bxf7) {[%tqu "En","Try to find best move for the white","","",
"d1d7","",10]} 23. Rd7 $1 Rac8 (23... Rab8 24. Re3 $18) 24. Rxb7 1-0

[Event "Petermaennchen GM"]
[Site "Schwerin"]
[Date "1999.08.10"]
[Round "3"]
[White "Zagrebelny, Sergey"]
[Black "Uhlmann, Wolfgang"]
[Result "0-1"]
[WhiteElo "2521"]
[BlackElo "2461"]
[Annotator "Psakhis,L"]
[PlyCount "114"]
[EventDate "1999.08.09"]
[EventType "tourn"]
[EventRounds "9"]
[EventCountry "GER"]
[EventCategory "10"]
[SourceTitle "CBM 073"]
[Source "ChessBase"]
[SourceDate "1999.12.01"]
[SourceVersion "1"]
[SourceVersionDate "1999.12.01"]
[SourceQuality "1"]

1. e4 e6 2. d4 d5 3. Nd2 c5 4. exd5 exd5 5. Bb5+ Nc6 6. Ngf3 Bd6 7. dxc5 Bxc5
8. O-O Nge7 9. Nb3 Bd6 10. h3 O-O 11. Re1 h6 12. c3 Nf5 13. Bd3 Qf6 14. Bc2 (
14. Bd2 Bd7 15. Bf1 Rad8 16. g3 Bc7 17. Nc5 Bc8 18. Nd3 Bb6 19. Kg2 Nd6 $11 {
Kholmov,R-Rasik,V/Brno B 1991/0-1 (61)}) 14... Rd8 (14... Be6 15. Qd3 g6 16. g4
Bd7 17. Qd2 Ng7 18. Qxd5 Nb4 19. cxb4 Bc6 20. g5 $1 hxg5 21. Bxg5 Bxd5 22. Bxf6
Bxf3 23. Nd4 Bd5 24. a3 $16 {Lobjanidze,N-Mkrtchian,L/Erevan op 1996/1-0 (62)})
15. Qd3 Bf8 $6 $146 ({It is very interesting what Zagrebelny had in mind if
Black will play strongest move} 15... g6 $1 {in practice White never could
demonstrated way to real advantage. Game could continue} 16. Bd2 (16. Qd2 Bf8
17. Nh2 Qg7 $1 18. Ng4 h5 19. Ne3 Nfe7 20. Qe2 Qf6 21. Bd2 b6 22. Rad1 Be6 23.
Bc1 {1/2-1/2 Ivanov,V-Lastin,A/Russia 1994/Inf 62 (23)}) 16... a5 17. a4 b6 18.
Be3 (18. Qe2 Ba6 19. Bd3 Bxd3 20. Qxd3 Ne5 21. Nxe5 Bxe5 22. Qf3 d4 23. cxd4
Nxd4 24. Nxd4 Bxd4 $11 {1/2-1/2 Psakhis,L-Lputian,S/Rostov 1993 (32)}) 18...
Ba6 19. Qd2 Nxe3 20. Qxe3 Kg7 21. Bd3 Re8 22. Qd2 Bc4 23. Nbd4 Nxd4 24. Nxd4
Bc5 $11 {1/2-1/2 Rublevsky,S-Dolmatov,S/RUS-ch St.Peterburg 1998 (48)}) 16. Bf4
{[%csl Gf4][%cal Gf3e5]} g6 17. Bc7 $5 Rd7 18. Bh2 Rd8 19. Rad1 Be6 20. Ne5 {
[%cal Gd3b5,Ge5g4]} Nfe7 21. Ng4 {White keeps better chances and after} (21.
Qb5 $5 {or}) (21. Nc5 Bc8 (21... Bf5 22. Qf3 Nxe5 23. Bxe5 Qc6 24. Bxf5 Nxf5
25. Nb3 $14 {[%csl Gd1,Gd4,Rd5,Ge1,Ge5]})) 21... Qh8 {[%csl Rh8] Bad square
for the queen, but} (21... Bxg4 22. hxg4 {[%csl Gc2,Gh2] leads to white,s
favour}) 22. Qf3 Bg7 {[%cal Gd5d4]} 23. Nc5 Bxg4 24. hxg4 (24. Qxg4 $5 b6 $140
25. Nb7) 24... b6 25. Na6 {[%cal Ga6c7,Gc7d5]} ({Deserves attention} 25. Nb7 $5
Rd7 26. Nd6 $36 {[%csl Gd6] with initiative.}) 25... Rac8 26. Bb3 Be5 27. Bxe5
(27. Nb4 $5) 27... Nxe5 28. Qf4 f6 29. Nb4 $18 {[%csl Rd5,Rh8] Black can,t
defend already pawn on d5 and looks that game is over, but Uhlmann continue
resistance and manage even win this game!} g5 30. Qe4 Kg7 31. Nxd5 Nxd5 32.
Rxd5 Rxd5 33. Bxd5 Qh7 34. Qd4 $6 (34. Qxh7+ $5 Kxh7 35. Rd1 $18 {was much easy
}) 34... Re8 35. Be4 $6 (35. Re4 $142 $1) 35... Qg8 36. b3 Rd8 37. Qa4 Qf7 $14
{Finally queen came back to the game and it is not so easy for White to win a
game.} 38. Bb1 {[%cal Ra4e4]} Qb7 $1 39. Bf5 Qc7 40. c4 Rd2 41. a3 a5 $1 {
[%cal Gc7c5] Black has already full compensation for the pawn} 42. Be6 $2 {
[%mdl 8192]} (42. Qb5 Qc5 $5 $44) 42... Qe7 $1 43. Rxe5 $8 (43. Bf5 $2 Nf3+ $19
) (43. Bd5 Nf3+ 44. Bxf3 Qxe1+ 45. Kh2 Qxf2 46. Qe8 Qc5 $19) 43... fxe5 44. Bd5
e4 $1 {[%cal Re4e3]} 45. Qc6 e3 46. fxe3 Qxe3+ 47. Kh2 (47. Kh1 Qe1+ 48. Kh2
Qh4+) 47... Qf4+ 48. Kh3 Rd3+ 49. Bf3 h5 $1 (49... Rxb3 50. Qd7+ Qf7 51. Qd4+
Kh7 52. Qe4+ Kg8) 50. Qb7+ Qf7 (50... Kf6 $1 51. Qc6+ (51. Qxb6+ Rd6 52. Qg1
hxg4+ 53. Bxg4 Rd4 $19) 51... Rd6 $19) 51. Qe4 hxg4+ 52. Kxg4 (52. Qxg4 Qf4 $19
) 52... Qf6 $3 $19 53. Kh5 (53. Kh3 Rxb3 $19) 53... Qh6+ 54. Kg4 Qh4+ 55. Kf5
Qxe4+ 56. Bxe4 Rxb3 57. a4 Rb4 0-1